| 000 | 00524nam a2200193 a 4500 | ||
|---|---|---|---|
| 001 | 1771563657263 | ||
| 003 | YourLibrary | ||
| 005 | 20260220110813.0 | ||
| 008 | 260220s2002##################000#0#eng## | ||
| 020 | _a9781840643138 | ||
| 082 | 0 | 4 |
_a336.2 _bMUS |
| 100 | 1 |
_aMusgrave, Peggy B., _eauthor. |
|
| 245 | 1 | 0 | _aTax Policy in the Global Economy : |
| 260 |
_bEdward Elgar Publishing, _c2002. |
||
| 300 | _a492 pages | ||
| 650 | 0 | _aBusiness & Economics. | |
| 942 | _cENGLISH | ||
| 040 |
_aYourLibrary _beng _cYourLibrary |
||
| 999 |
_c613418 _d613418 |
||